| 000 | 00350cam a2200145ua 4500 | ||
|---|---|---|---|
| 041 |
_aeng _h |
||
| 082 |
_a824 _bTOW/CA |
||
| 100 | _aTownsend, Peter . | ||
| 245 |
_aCambridge anthology / _cPeter Townsend. _hTextual Documents |
||
| 260 |
_aLondon : _bHogarth Press , _c1952. |
||
| 300 | _a184 ; . | ||
| 504 | _a | ||
| 942 | _cBK | ||
| 999 |
_c8861 _d8861 |
||